000 00303nam a22001337a 4500
008 170526b xxu||||| |||| 00| 0 eng d
020 _a9780130801821
041 _aeng
080 _a621.3
100 _a25
101 _aIM
245 _aELECTRICAL POWER AND CONTROLS
_cSKCARENINA, T
942 _2udc
_cBK
999 _c14343
_d14343